| 000 | 00473nam a22001937a 4500 | ||
|---|---|---|---|
| 005 | 20260604114810.0 | ||
| 008 | 260604b |||||||| |||| 00| 0 eng d | ||
| 020 |
_a9788131715055 _c1140.00 |
||
| 040 | _aMAIN | ||
| 041 | _aEnglish | ||
| 082 |
_a006.3 _bWIN |
||
| 100 |
_aWinston, Patrick Henry _926822 |
||
| 245 | _aArtificial Intelligence | ||
| 250 | _a3rd | ||
| 260 |
_aNoida _bPearson _c2025 |
||
| 300 | _a737 | ||
| 650 |
_aCommerce (PM USHA) _926705 |
||
| 942 | _cBK | ||
| 999 |
_c60994 _d60994 |
||